000 00711nam a2200253 a 4500
005 20160712095934.0
008 140114b1996 ck ||||| |||| 00| 0 spa d
020 _a9589129366
040 _aCO-BoIAVH
_cCO-BoIAVH
041 _aspa
044 _ack
082 _a551.48
_bP43c
100 1 _aPérez Arbeláez, Enrique
_972815
245 _aCuencas hidrográficas y conservación de recursos naturales
260 _aBogotá
_bFondo FEN Colombia
_c1996
300 _a227 paginas
650 1 4 _aCuencas hidrográficas
_972816
650 1 4 _aConservación
_972817
650 1 4 _aRecursos naturales
_972818
650 1 4 _aExplotación
_972819
651 _aCaldas
_972820
662 _aColombia
942 _cLIBRO
_2ddc
999 _c97
_d97